Psicología y fe bíblica: Profesión al servicio de la vocación / Olga Lucía Peñaloza Ortiz (Registro nro. 34873)
[ vista simple ]
| 000 -LÍDER | |
|---|---|
| Campo fijo de descripción fija | 006720000a22001570004500 |
| 001 - NÚMERO DE CONTROL | |
| Campo de control | 4263 |
| 100 1# - ASIENTO PRINCIPAL--NOMBRE PERSONAL | |
| Nombre personal | Peñaloza Ortiz, Olga Lucía |
| 245 10 - TÍTULO | |
| Título del Material | Psicología y fe bíblica: Profesión al servicio de la vocación / Olga Lucía Peñaloza Ortiz |
| 260 ## - PUBLICACIÓN, DISTRIBUCIÓN, ETC. (PIE DE IMPRENTA) | |
| Lugar de publicación, distribución, etc. | Medellín, Colombia |
| 300 ## - DESCRIPCIÓN FÍSICA | |
| Extensión | 149 Pag |
| 500 ## - NOTA GENERAL | |
| Nota General | Tesis (licenciatura)--Seminario Bíblico de Colombia |
| 942 ## - TIPO DE MATERIAL (KOHA) | |
| Tipo de Item KOHA | Libros General |
| Estado de Material | Estado de Perdido | Estado de Dañado | No para Préstamo | Colección | Tomo | Biblioteca de Origen | Biblioteca Permanente | Fecha de Adquisición | Total de Préstamos | Signatura Topográfica | Código de Barras | Última vez visto | Ejemplar/Existencia | Fecha de Remplazo | Tipo de Material |
|---|---|---|---|---|---|---|---|---|---|---|---|---|---|---|---|
| Trabajos de grado | Biblioteca FUSBC | Biblioteca FUSBC | 06/12/2004 | T P358q | 11394 | 12/12/2019 | 1 | 26/01/2016 | Trabajos de Grado |
